000 00264nam a22001217a 4500
008 181218b xxu||||| |||| 00| 0 eng d
041 _aeng
080 _a510
100 _a39
101 _amat
245 _aFundamentals Mathematics
_cGould.S.H
942 _2udc
_cBK
999 _c53358
_d53358